El puchero de oro
Bewaard in:
| Hoofdauteur: | |
|---|---|
| Formaat: | Boek |
| Taal: | Undetermined |
| Gepubliceerd in: |
San José, Costa Rica
Editorial Costa Rica
1977
|
| Onderwerpen: | |
| Tags: |
Voeg label toe
Geen labels, Wees de eerste die dit record labelt!
|
MARC
| LEADER | 00000nam a2200000Ia 4500 | ||
|---|---|---|---|
| 008 | 170316s9999 xx 000 0 und d | ||
| 040 | |a cru BVZT | ||
| 090 | |a 830 H-11p | ||
| 100 | |a Hoffmann, Teodoro Ernesto Amadeo | ||
| 245 | |a El puchero de oro | ||
| 260 | |a San José, Costa Rica | ||
| 260 | |b Editorial Costa Rica | ||
| 260 | |c 1977 | ||
| 300 | |a 173 páginas | ||
| 650 | |a LITERATURA ALEMANA | ||
| 650 | |a CUENTOS | ||
| 999 | |c 7345 |d 7345 | ||
| 942 | |c 15 D |h 830 H-11p |2 z | ||
